000
00280nam a2200121 a 4500
008
100920s1964|||| d
245
1
0
_a
Ľudia, roky, život 1
100
1
_a
Erenburg, Iľja
260
_b
SVKL
_a
Bratislava
_c
1964
020
_c
34
044
_a
xo
_c
SK
041
_a
slo
999
_c
10531
_d
10531